Catálogo

DERECHO PROCESAL PENAL (Registro nro. 5261)

Detalles MARC
000 -LEADER
fixed length control field 00484nam a2200181 a 4500
001 - CONTROL NUMBER
control field 5261
005 - DATE AND TIME OF LATEST TRANSACTION
control field 20180713185121.0
008 - FIXED-LENGTH DATA ELEMENTS--GENERAL INFORMATION
fixed length control field 140415s1990 000 0 spa d
041 ## - LANGUAGE CODE
Language code of text/sound track or separate title spa
082 ## - DEWEY DECIMAL CLASSIFICATION NUMBER
Classification number 345
Item number SIL
100 1# - MAIN ENTRY--PERSONAL NAME
Personal name SILVA SILVA, JORGE ALBERTO
245 10 - TITLE STATEMENT
Title DERECHO PROCESAL PENAL
260 ## - PUBLICATION, DISTRIBUTION, ETC.
Place of publication, distribution, etc. [s.l.] :
Name of publisher, distributor, etc. HARLA,
Date of publication, distribution, etc. 1990
300 ## - PHYSICAL DESCRIPTION
Extent 826
490 ## - SERIES STATEMENT
Series statement TEXTOS JURIDICOS UNIVERSITARIOS
650 14 - SUBJECT ADDED ENTRY--TOPICAL TERM
Topical term or geographic name entry element DERECHO PENAL
700 1# - ADDED ENTRY--PERSONAL NAME
Personal name Ovalle Favela, José,
Relator term pról.
Existencias
Withdrawn status Lost status Source of classification or shelving scheme Damaged status Not for loan Collection code Home library Current library Shelving location Date acquired Source of acquisition Inventory number Total Checkouts Full call number Barcode Date last seen Date last checked out Price effective from Koha item type Checked out
    Dewey Decimal Classification     General Biblioteca Karol Wojtyla Biblioteca Karol Wojtyla Sala general 03/12/2013 Compra 151000000000000000046652   345 SIL 20217 05/01/2026 17/04/2015 03/12/2013 Libro  
    Dewey Decimal Classification     General Biblioteca Karol Wojtyla Biblioteca Karol Wojtyla Sala general 03/12/2013 Compra 151000000000000000046650   345 SIL 19117 05/01/2026   13/04/2015 Libro  
  No inventariado Dewey Decimal Classification       Biblioteca Karol Wojtyla Biblioteca Karol Wojtyla   03/12/2013 Compra     345 SIL 25130     03/12/2013 Libro  
    Dewey Decimal Classification     General Biblioteca Karol Wojtyla Biblioteca Karol Wojtyla Sala general 03/12/2013 Compra   1 345 SIL 19118 28/08/2015 28/08/2015 03/12/2013 Libro 28/08/2015
  No inventariado Dewey Decimal Classification       Biblioteca Karol Wojtyla Biblioteca Karol Wojtyla   03/12/2013 Compra     345 SIL 16926     03/12/2013 Libro